00886 a2200169 4500010001400000020002600014035001300040037001800053082001300071100002400084245008400108260004600192300005800238500002000296500036400316650003600680 aENG-85878 a9788120332188c695.00 aEN-69411 bD.B.Act / Pub14a651.84251 aKrieger, Stephanie.10aAdvanced Microsoft Office documents 2007 edition inside outcStephanie Krieger. aNew DelhibPrentice-Hall of Indiacc2007. axxv, 671 p.bill.c23 cm. (Pbk)e1 CD-ROM (4 3/4 in.) aIncludes index. aAccompanying CD-ROM contains fully searchable eBook, sample documents and templates, VBA and Office Open XML code samples, author webcasts, tool for binding custom XML to content controls in Word 2007, files for customizing the Fluent Ribbon, links to articles, blogs, and developer learning resources, Windows Vista product guide eReference and other eBooks. aMicrosoft office documents 2007